Strategic management : (Record no. 86247)

MARC details
000 -LEADER
fixed length control field 00582nam a22002057a 4500
005 - DATE AND TIME OF LATEST TRANSACTION
control field 20140811113720.0
010 ## - LCCN (DPL NO)
LC control number ENG-110319
020 ## - INTERNATIONAL STANDARD BOOK NUMBER
International Standard Book Number 9789350623169
Terms of availability 475.00
035 ## - SYSTEM CONTROL NUMBER
System control number EN-93851
037 ## - SOURCE OF ACQUISITION
Source of stock number/acquisition DBAD/PUB
082 ## - DEWEY DECIMAL CLASSIFICATION NUMBER
Classification number 658.4012
100 ## - MAIN ENTRY--PERSONAL NAME
Personal name Rao, V. S. P.
245 ## - TITLE STATEMENT
Title Strategic management :
Statement of responsibility, etc by V. S. P. Rao
Remainder of title text and cases /
250 ## - EDITION STATEMENT
Edition statement 2nd ed
260 ## - PUBLICATION, DISTRIBUTION, ETC. (IMPRINT)
Place of publication, distribution, etc New Delhi
Name of publisher, distributor, etc Excel Books
Date of publication, distribution, etc 2013
270 ## - ADDRESS
Address A-45, Naraina, Phase I
City New Delhi
Postal code 110028
300 ## - PHYSICAL DESCRIPTION
Extent xx,636p.
Dimensions 27cm(pbk)
500 ## - GENERAL NOTE
General note Includes index
942 ## - ADDED ENTRY ELEMENTS (KOHA)
Source of classification or shelving scheme Dewey Decimal Classification
Item type English Books
Call number suffix RAO
Classification part 658.4012
Holdings
Withdrawn status Lost status Not for loan Collection code Home library Current library Date acquired Source of acquisition Cost, normal purchase price Full call number Barcode Copy number Cost, replacement price Koha item type
    Not For Loan Non-fiction D.B.Act.Division D.B.Act.Division 02/07/2014 DBAD/PUB 475.00 658.4012 RAO EN-93851 1 475.00 English Books

© Delhi Public Library
Hit Counter
free hit counter